Welcome to the Holygrace Academy Library

Please use search bar below to get started

CONCEPTUAL CHEMISTRY (Record no. 713)

MARC details
000 -LEADER
fixed length control field 00316nam a22001217a 4500
020 ## - INTERNATIONAL STANDARD BOOK NUMBER
ISBN 81-219-1623-2
082 ## - DEWEY DECIMAL CLASSIFICATION NUMBER
Classification number 540
Item number JAI/C
100 ## - MAIN ENTRY--AUTHOR NAME
Personal name Dr.S.K.JAIN, Dr.SHAILESH K.JAIN
245 ## - TITLE STATEMENT
Title CONCEPTUAL CHEMISTRY
Remainder of title FOR CLASS XII
260 ## - PUBLICATION, DISTRIBUTION, ETC. (IMPRINT)
Place of publication DELHI
Name of publisher S.CHAND & CO
Year of publication 2014
650 ## - SUBJECT ADDED ENTRY--TOPICAL TERM
Topical Term CHEMISTRY FOR CLASS XII
Geographic subdivision INDIA
942 ## - ADDED ENTRY ELEMENTS (KOHA)
Koha item type Books
Holdings
Withdrawn status Lost status Collection code Home library Current library Shelving location Date acquired Source of acquisition Cost, normal purchase price Full call number Accession Number Koha item type
    Reference Main Library Main Library SHELF 9 D PLUS 2 CHEMISTRY 17/07/2014 purchase 595.00 540 JAI/C 08898 Books